Hunyadi János es kora /

Uložené v:
Podrobná bibliografia
Hlavný autor: Teke, Zsuzsa (Author)
Médium: Kniha
Jazyk:Hungarian
Vydané: Budapest : Gondolat, 1980.
Vydanie:1. kiad.
Edícia:Magyar história
ISBN: (brož.)
Fyzický popis: 232 s.
Tagy: Pridať tag
Žiadne tagy, Buďte prvý kto otaguje tento záznam!

MARC

LEADER 00000nam a2200000 a 4500
001 000116640
005 20090908204642.0
008 040101s1980 hu e huno
020 |a (brož.) 
040 |a SVKKK  |b slo  |c SVKKK  |e AACR2 
041 0 |a hun 
044 |a hu  |c HU 
100 1 |a Teke, Zsuzsa  |4 aut 
245 1 0 |a Hunyadi János es kora /  |c Zsuzsa Teke. 
250 |a 1. kiad. 
260 |a Budapest :  |b Gondolat,  |c 1980. 
300 |a 232 s. 
490 1 |a Magyar história 
830 0 |a Magyar história 
910 |a svkkk 
998 |a BK 
090 |g SCKHL  |k Sklad Hlavná 10 suterén  |a I.53514  |j 652881  |i 2720799930  |s Absenčne 
090 |g SCKHL  |k Sklad Hlavná 10 prízemie  |a I.56330  |j 674887  |i 2720392358  |4 Duplikát  |s Vyradená